Statistics for Top 300 Hip-Hop Albums of All-Time

Click here to take the quiz!

General Stats

  • This quiz has been taken 61 times
    (59 since last reset)
  • The average score is 28 of 300

Answer Stats

#AlbumArtist% Correct
9Enter The Wu-Tang (36 Chambers)Wu-Tang Clan
79%
27IllmaticNas
75%
63The ChronicDr. Dre
73%
83Ready To DieThe Notorious B.I.G.
65%
12MadvillainyMadvillain
63%
1762001Dr. Dre
60%
6The Low End TheoryA Tribe Called Quest
60%
158AqueminiOutKast
58%
183Straight Outta ComptonN.W.A.
56%
54DoggystyleSnoop Doggy Dogg
54%
24ATLiensOutKast
50%
55BeCommon
50%
109Life After DeathThe Notorious B.I.G.
50%
1Midnight MaraudersA Tribe Called Quest
48%
135MM..FoodMF Doom
48%
3It Takes A Nation Of Millions To Hold Us BackPublic Enemy
46%
5Paid In FullEric B. & Rakim
46%
60Liquid SwordsGenius / GZA
42%
252DonutsJ Dilla
40%
137Black On Both SidesMos Def
38%
127The InfamousMobb Deep
38%
141Reasonable DoubtJay-Z
35%
171Operation: DoomsdayMF Doom
33%
79Beats, Rhymes And LifeA Tribe Called Quest
31%
162Fear Of A Black PlanetPublic Enemy
31%
28Moment Of TruthGang Starr
31%
148Only Built 4 Cuban Linx...Chef Raekwon
31%
11Deltron 3030Deltron 3030
29%
30People's Instinctive Travels And The Paths Of RhythmA Tribe Called Quest
29%
240SouthernplayalisticadillacmuzikOutKast
29%
443 Feet High And RisingDe La Soul
27%
154De La Soul Is DeadDe La Soul
27%
220The ScoreFugees
27%
81Licensed To IllBeastie Boys
25%
108Paul's BoutiqueBeastie Boys
25%
21Step In The ArenaGang Starr
25%
32Strictly BusinessEPMD
25%
197Supreme ClienteleGhostface Killah
25%
2093 'Til InfinitySouls Of Mischief
23%
185Ill CommunicationBeastie Boys
23%
193It Was WrittenNas
23%
26ResurrectionCommon Sense
23%
50Run-D.M.C.Run-D.M.C.
23%
31The Great Adventures Of Slick RickSlick Rick
23%
7The Sun Rises In The EastJeru The Damaja
23%
168Things Fall ApartThe Roots
23%
156CriminalScientifik
21%
4Criminal MindedBoogie Down Productions
21%
146Follow The LeaderEric B. & Rakim
21%
175IronmanGhostface Killah
21%
215Lifestylez Ov Da Poor & DangerousBig L
21%
93Bizarre Ride II The PharcydeThe Pharcyde
19%
91Like Water For ChocolateCommon
19%
161Long Live The KaneBig Daddy Kane
19%
49RadioLL Cool J
19%
35Raising HellRun-D.M.C.
19%
98Black SundayCypress Hill
17%
139Cypress HillCypress Hill
17%
37Daily OperationGang Starr
17%
58Do You Want More?!!!??!The Roots
17%
23Mecca And The Soul BrotherPete Rock & C.L. Smooth
17%
265Whut? Thee AlbumRedman
17%
22Blowout CombDigable Planets
15%
134Check Your HeadBeastie Boys
15%
2Critical BeatdownUltramagnetic MC's
15%
18Dr. OctagonDr. Octagon
15%
34Enta Da StageBlack Moon
15%
39Hard To EarnGang Starr
15%
140Hell On EarthMobb Deep
15%
121Mos Def & Talib Kweli Are Black StarBlack Star
15%
213No One Can Do It BetterThe D.O.C.
15%
229Regulate...G Funk EraWarren G
15%
626 Feet DeepGravediggaz
13%
16Breaking AtomsMain Source
13%
133Buhloone Mind StateDe La Soul
13%
245Fantastic, Vol. 2Slum Village
13%
8Funcrusher PlusCompany Flow
13%
82Illadelph HalflifeThe Roots
13%
76King Of RockRun-D.M.C.
13%
10Reachin' (A New Refutation Of Time And Space)Digable Planets
13%
188Straight Out The JungleJungle Brothers
13%
46The Cold VeinCannibal Ox
13%
216The OwnerzGang Starr
13%
19Wrath Of The MathJeru The Damaja
13%
48Business As UsualEPMD
10%
25Dah Shinin'Smif-N-Wessun
10%
212Don't Sweat The TechniqueEric B. & Rakim
10%
179LabcabincaliforniaThe Pharcyde
10%
219Labor DaysAesop Rock
10%
15No More Mr. Nice GuyGang Starr
10%
51Return Of The Boom BapKRS-One
10%
163Soul FoodGoodie Mob
10%
166Stakes Is HighDe La Soul
10%
41Stress: The Extinction AgendaOrganized Konfusion
10%
143Unfinished BusinessEPMD
10%
203It's A Big Daddy ThingBig Daddy Kane
8%
111Jazzmatazz Volume: 1Guru
8%
136Let The Rhythm Hit 'EmEric B. & Rakim
8%
42Livin' ProofGroup Home
8%
52OrganixThe Roots
8%
234The ComingBusta Rhymes
8%
116The Devil Made Me Do ItParis
8%
36The Main IngredientPete Rock & C.L. Smooth
8%
101The Mouse And The MaskDanger Doom
8%
167Yo! Bum Rush The ShowPublic Enemy
8%
124A Wolf In Sheep's ClothingBlack Sheep
6%
226Dead SeriousDas EFX
6%
284Done By The Forces Of NatureJungle Brothers
6%
243Here Come The LordsLords Of The Underground
6%
289IVCypress Hill
6%
104JewelzO.C.
6%
177Jurassic 5 EPJurassic 5
6%
228KRS ONEKRS-One
6%
241Music To DrivebyCompton's Most Wanted
6%
72PeteStrumentalsPete Rock
6%
281Power In NumbersJurassic 5
6%
128Quality ControlJurassic 5
6%
100Reflection Eternal - Train Of ThoughtTalib Kweli & Hi Tek
6%
85So...How's Your Girl?Handsome Boy Modeling School
6%
248The RenaissanceQ-Tip
6%
64The UnseenQuasimoto
6%
155Wanted: Dead Or AliveKool G Rap & DJ Polo
6%
29Word...LifeO.C.
6%
1733rd Eye VisionHieroglyphics
4%
2714, 5, 6Kool G Rap
4%
65All Souled OutPete Rock & C.L. Smooth
4%
33By All Means NecessaryBoogie Down Productions
4%
205Ghetto Music: The Blueprint of Hip HopBoogie Down Productions
4%
251My Vinyl Weighs A TonPeanut Butter Wolf
4%
71Organized KonfusionOrganized Konfusion
4%
254RepresentFat Joe Da Gangsta
4%
74Road To The RichesKool G Rap & DJ Polo
4%
99The PlatformDilated Peoples
4%
244T.I.M.E. - The Inner Mind's EyeLeaders Of The New School
4%
88Uptown Saturday NightCamp Lo
4%
26421 & OverThe Alkaholiks
2%
145Between A Rock And A Hard PlaceArtifacts
2%
112Blah Blah BlahBlahzay Blahzay
2%
84Blazing ArrowBlackalicious
2%
232Body Of The Life ForceAfu-Ra
2%
17Center Of AttentionPete Roc, Inl
2%
174Champion SoundJaylib
2%
189Down By LawMC Shan
2%
211EdutainmentBoogie Down Productions
2%
13Funky TechnicianLord Finesse & DJ Mike Smooth
2%
258Hi-TeknologyHi-Tek
2%
204Holy IntellectPoor Righteous Teachers
2%
113House Of Pain (Fine Malt Lyrics)House Of Pain
2%
293In Full GearStetsasonic
2%
224Intelligent HoodlumIntelligent Hoodlum
2%
210Jealous One's EnvyFat Joe
2%
298Legal Drug MoneyLost Boyz
2%
206Livin' Like HustlersAbove The Law
2%
90Masters Of The UniverseBinary Star
2%
261Move Somethin'Two Live Crew
2%
40NiaBlackalicious
2%
122No Need For AlarmDel! The Funky Homosapien
2%
268One Day It'll All Make SenseCommon
2%
69On FireStetsasonic
2%
280PerseverancePercee P
2%
102Same As It Ever WasHouse Of Pain
2%
43School Of Hard KnocksHard Knocks
2%
253Sittin' On ChromeMasta Ace Incorporated
2%
233Soul SurvivorPete Rock
2%
14Stunts, Blunts, & Hip HopDiamond And The Psychotic Neurotics
2%
47Tell The World My NameK-Solo
2%
263The AlbumMantronix
2%
200The BeatnutsThe Beatnuts
2%
38The Cactus Album3rd Bass
2%
164The Psycho-Social, Chemical, Biological, And Electro-Magnetic Manipulation of Human ConsciousnessJedi Mind Tricks
2%
144To Whom It May ConcernFreestyle Fellowship
2%
73Violent By DesignJedi Mind Tricks
2%
2692000 FoldStyles of Beyond
0%
1192 Live Is What We AreThe 2 Live Crew
0%
129A2G EPBlackalicious
0%
272AmbushedDa Bush Babees
0%
103A Much Better TomorrowAutomator
0%
125Back To Wreck ShopTuff Crew
0%
273Bang For The BuckUgly Duckling
0%
260Beyond FlavorOriginal Flavor
0%
120Big ShotsCharizma & Peanut Butter Wolf
0%
138Black BusinessPoor Righteous Teachers
0%
255Black MoonWar Zone
0%
186Blow Up The SpotSuper Lover Cee & Casanova Rud
0%
202Born To Be WildMC Shan
0%
283Bring The Beat BackSteady B
0%
236Chronicle of Two Losers: First EditionIll Biskits
0%
291ClassicOthello & The Hypknotics
0%
287Clearing The FieldMotion Man ft. KutMasta Kurt
0%
275Cold Chillin' In The Studio LiveThe Original Jazzy Jay
0%
230Contemporary Jeep MusicDa King & I
0%
277Crazy NoiseStezo
0%
249Dangerous Connection7L & Esoteric
0%
152Danger ZoneTuff Crew
0%
278Delinquent HabitsDelinquent Habits
0%
70Depth PerceptionSpirit Agent
0%
95Derelicts Of Dialect3rd Bass
0%
86Downtown ScienceDowntown Science
0%
221EarthtonesCrown City Rockers
0%
105Explainin'Bored Stiff
0%
180Fear ItselfCasual
0%
118First Come, First ServedDr. Dooom
0%
300Fist Fights And Foot RacesArtOfficial
0%
237Focused DailyDefari
0%
59Fresh ModeUgly Duckling
0%
214From Pyramids To ProjectsTwo Kings In A Cipher
0%
150From Tha Ground UndaMad Flava
0%
96Fruits Of NatureUMC's
0%
239F*** The DumbThe Grouch
0%
242Future DevelopmentDel The Funkee Homosapien
0%
159Girls I Got 'Em LockedSuper Lover Cee & Casanova Rud
0%
286God ConnectionsAl' Tariq
0%
107GoodfellasShow & A.G.
0%
106GravityBush Babees
0%
117Greatest HitsThe Wascals
0%
157Hand On The TorchUs3
0%
142Hiphoprisy Is The Greatest LuxuryThe Disposable Heroes Of Hiphoprisy
0%
165I Gotta HabitCool C
0%
126Illusive Avenues Of 6 Intrinsic MusiciansSoloplexus
0%
266I'm Not PlayingUltimate Force
0%
247ImpulsesExample
0%
217InsightThe Blast Radius
0%
231Intoxicated Demons The EPThe Beatnuts
0%
199Ism & BluesHard 2 Obtain
0%
288It's A Compton ThangCompton's Most Wanted
0%
196Jazz Hop SoulClever Jeff
0%
294K-9 PosseK-9 Posse
0%
130KollageBahamadia
0%
285KozmonautzKey-Kool & Rhettmatic
0%
181Life Of A Kid In The GhettoEd O.G. & Da Bulldogs
0%
151Life's A StruggleElectric
0%
77Like It Should BeExtra Prolific
0%
195Little Johnny From The Hospitul (Breaks End Instrumentals Vol. 1)Company Flow
0%
170Lyfe'N'TymeThe B.U.M.S. (Brothas Under Madness)
0%
75Lyrical King (From The Boogie Down Bronx)T La Rock
0%
89MelodicaBlackalicious
0%
68Mind Over MatterZion I
0%
123Mr. HoopKMD
0%
131"Naaah, Dis Kid Can't Be From Canada?!!"Maestro Fresh-Wes
0%
115No Additives, No PreservativesAll Natural
0%
238No Man's LandSouls of Mischief
0%
299Original Stylin'Three Times Dope
0%
279OverallCMA
0%
160Paper ChaseKrown Rulers
0%
114Penicillin On WaxTim Dog
0%
209PhanjamTuff Crew / Krown Rulers
0%
256Project PolaroidProject Polaroid
0%
187Pure RighteousnessLakim Shabazz
0%
97Return Of The Funky ManLord Finesse
0%
227Return Of The ProductMC Serch
0%
153Rhyme RelatedPolyrhythm Addicts
0%
262Ride The RhythmChill Rob G
0%
190Riverside PicturesWalkin' Large
0%
270Rooftop SoundcheckJustice System
0%
53Roxbury 02119Ed O.G. & Da Bulldogs
0%
45Runaway SlaveShowbiz & A.G.
0%
267Running ThangsBusy Bee
0%
257Scars And PainJemini The Gifted One
0%
169Seeds of EvolutionDark Sun Riders Featuring Brother J
0%
276Shallow Nights Blurry MoonShinSight Trio
0%
94Siah And Yeshua Dapo EDSiah And Yeshua Dapo ED
0%
295Slow Your RollTime Machine
0%
57Soundpieces: Da AntidoteLootpack
0%
149StarchildO.C.
0%
250Station IdentificationChannel Live
0%
222StreetwizeJ Rock
0%
172Subliminal SimulationDream Warriors
0%
67Take A Look AroundMaster Ace
0%
178Takin' MineHeather B.
0%
87TelicatessenRob Sonic
0%
191That's ThemArtifacts
0%
292The Bake SaleThe Cool Kids
0%
274The Best PartJ-Live
0%
223The Cactus Revisited3rd Bass
0%
296The Creators Have A Master PlanThe Creators
0%
192The Demo EPHerb McGruff
0%
147The Four HorsemenUltramagnetic MC's
0%
80The LPThe Large Professor
0%
92The New World OrderPoor Righteous Teachers
0%
297The Next StepPeople Under The Stairs
0%
225The Original Baby PaPete Rock, Deda
0%
78The Sanity AnnexSonic Sum
0%
198The Saturday Nite AgendaSoul Supreme
0%
132The Swoll PackageCapital Tax
0%
56The Turnaround: The Long Awaited DramaReal Live
0%
218The Underground ScienceMass Influence
0%
207This Is How It IsOriginal Flavor
0%
235TimelessBored Stiff
0%
208Tragedy - Saga Of A HoodlumIntelligent Hoodlum
0%
61Travel At Your Own PaceY Society
0%
110Trendz...Trends Of Culture
0%
246Tricks Of The ShadeThe Goats
0%
66TroopersColdCrush Brothers
0%
259Typical CatsTypical Cats
0%
290Welcome 2 DetroitJ Dilla
0%
201Which Doobie U B?Funkdoobiest
0%
282Winter WoetryOmega 1ne
0%
184World UltimateThe Nonce
0%
194Yesterday, Today, & TomorrowK-The-I???
0%
182Your Pockets Been Picked / Down With The Freestyle ProfessorsFreestyle Professors
0%

Score Distribution

Percentile by Number Answered

Percent of People with Each Score

Your Score History

You have not taken this quiz since the last reset